DEN Direct Flights - Statistics

General Stats
  • This quiz has been taken 8 times
  • The average score is 178 of 234
Answers on the Map
Answers color-coded by a green-red scale on the quiz's map according to % correct below.
 
Answer Stats
Answer % Correct
Austin
100%
Boise
100%
Buffalo/Niagara Falls
100%
Chicago Midway
100%
Chicago O'Hare
100%
Dallas Love Field
100%
Detroit
100%
Fort Lauderdale-Hollywood
100%
Honolulu
100%
Kansas City
100%
London
100%
Mexico City
100%
Miami
100%
Nashville
100%
Nassau
100%
Newark-New York
100%
New Orleans
100%
New York City JFK
100%
New York City LGA
100%
Oklahoma City
100%
Orlando
100%
Paris
100%
San Diego
100%
Seattle-Tacoma
100%
Tampa
100%
Tokyo-Narita
100%
Vancouver
100%
Abilene
83%
Albany
83%
Albuquerque
83%
Amarillo
83%
Anchorage
83%
Appleton
83%
Atlanta
83%
Bakersfield
83%
Baltimore/Washington D.C.
83%
Belize City
83%
Billings
83%
Birmingham
83%
Boston
83%
Bozeman
83%
Burbank/Hollywood
83%
Burlington
83%
Calgary
83%
Cancún
83%
Casper
83%
Charleston
83%
Charlotte
83%
Cheyenne
83%
Chihuahua
83%
Cincinnati/Northern Kentucky
83%
Cleveland
83%
Cody
83%
Colorado Springs
83%
Columbia/Jefferson City
83%
Columbus
83%
Corpus Christi
83%
Dallas-Fort Worth
83%
Dayton
83%
Des Moines
83%
Destin-Fort Walton Beach
83%
Dublin
83%
Edmonton
83%
El Paso
83%
Eugene
83%
Everett/Seattle
83%
Fairbanks
83%
Fargo
83%
Fort Myers
83%
Frankfurt
83%
Fresno
83%
Grand Junction
83%
Grand Rapids
83%
Guadalajara
83%
Hartford
83%
Helena
83%
Houston Bush
83%
Houston Hobby
83%
Idaho Falls
83%
Indianapolis
83%
Istanbul
83%
Jackson
83%
Jacksonville
83%
Kalispell
83%
Las Vegas
83%
Lexington
83%
Lihue
83%
Lincoln
83%
Little Rock
83%
Long Beach
83%
Los Angeles
83%
Los Cabos
83%
Louisville
83%
Lubbock
83%
Madison
83%
Memphis
83%
Midland/Odessa
83%
Milwaukee
83%
Minneapolis-St. Paul
83%
Montego Bay
83%
Monterey
83%
Monterrey
83%
Montréal
83%
Munich
83%
Myrtle Beach
83%
Norfolk
83%
Northwest Arkansas
83%
Oakland
83%
Omaha
83%
Ontario
83%
Palm Beach
83%
Palm Springs
83%
Panama City FL
83%
Panama City PA
83%
Pensacola
83%
Philadelphia
83%
Phoenix
83%
Piedmont Triad
83%
Pierre
83%
Pittsburgh
83%
Portland ME
83%
Portland OR
83%
Providence
83%
Quad Cities
83%
Raleigh-Durham
83%
Redmond
83%
Regina
83%
Reno-Tahoe
83%
Reykjavík-Keflavík
83%
Richmond
83%
Rome-Fiumicino
83%
Sacramento
83%
Salt Lake City
83%
San Antonio
83%
San Francisco
83%
San Jose
83%
San José
83%
San Juan
83%
Santa Ana
83%
Santa Fe
83%
Savannah/Hilton Head
83%
Sheridan
83%
Shreveport
83%
Sioux City
83%
Sioux Falls
83%
Spokane
83%
Springfield-Branson
83%
St. George
83%
St. Louis
83%
Syracuse
83%
Toronto
83%
Tucson
83%
Tulsa
83%
Washington Dulles
83%
Washington National
83%
Wichita
83%
Wilmington
83%
Winnipeg
83%
Zürich
83%
Arcata-Eureka
67%
Asheville
67%
Aspen
67%
Bismarck
67%
Butte
67%
Cedar Rapids/Iowa City
67%
Clovis
67%
Cozumel
67%
Dodge City
67%
Durango
67%
Great Falls
67%
Greenville-Spartanburg
67%
Harlingen
67%
Hobbs
67%
Huntsville
67%
Joplin
67%
Kahului
67%
Kailua-Kona
67%
Knoxville
67%
Laramie
67%
Lehigh Valley
67%
Liberia
67%
Medford
67%
Minot
67%
Moab
67%
Montrose
67%
North Bend
67%
Peoria
67%
Puerto Vallarta
67%
Santa Barbara
67%
Sarasota-Bradenton
67%
Sun Valley/Hailey
67%
Taos
67%
Traverse City
67%
Tri-Cities
67%
Vail
67%
Vernal
67%
Williston
67%
Yampa Valley
67%
Alamosa
50%
Bishop
50%
Carlsbad
50%
Farmington
50%
Gillette
50%
Grand Cayman
50%
Gunnison-Crested Butte
50%
Liberal
50%
Missoula
50%
North Platte
50%
Prescott
50%
Pueblo
50%
Punta Cana
50%
Rapid City
50%
Redding
50%
Roatán
50%
Rock Springs
50%
San Luis Obispo
50%
Santa Rosa
50%
Telluride
50%
Alliance
33%
Devils Lake
33%
Dickinson
33%
Hays
33%
Jamestown
33%
Roswell
33%
Salina
33%
Scottsbluff
33%
Watertown
33%
West Yellowstone
33%
Zacatecas
33%
Chadron
17%
Cortez
17%
Kearney
17%
McCook
17%
Riverton
17%
No matching quizzes found
Score Distribution
Percent of People with Each Score
Percentile by Number Answered
Your Score History
You have not taken this quiz